000
00293nam a22001337a 4500
008
170315b xxu||||| |||| 00| 0 eng d
020
_a
9780073440132
041
_a
eng
080
_6
4 ED
_a
511
100
_a
7
101
_a
SHM
245
_a
ANATOMY PHYSIOLOGY
_c
SALADIN ,K,S
942
_2
udc
_c
BK
999
_c
7834
_d
7834